Ανάπτυξη πληροφοριακών συστημάτων : εφαρμογές υπολογιστών στις επιχειρήσεις
Αποθηκεύτηκε σε:
| Κύριος συγγραφέας: | |
|---|---|
| Μορφή: | Βιβλίο |
| Γλώσσα: | Greek |
| Δημοσίευση: |
Αθήνα :
Νέες Τεχνολογίες,
1990
|
| Θέματα: | |
| Ετικέτες: |
Προσθήκη ετικέτας
Δεν υπάρχουν, Καταχωρήστε ετικέτα πρώτοι!
|
MARC
| LEADER | 00000nam a2200000 i 4500 | ||
|---|---|---|---|
| 001 | 1/35100 | ||
| 008 | 950711s1990 gre d | ||
| 035 | |l 10024242 | ||
| 040 | |a GR-MY-UA |b gre |e aacr | ||
| 041 | 0 | |a gre | |
| 082 | 0 | |a 658.4038 | |
| 100 | 1 | |a Λαοπόδης, Βασίλης Γ. | |
| 245 | 1 | 0 | |a Ανάπτυξη πληροφοριακών συστημάτων : |b εφαρμογές υπολογιστών στις επιχειρήσεις / |c Βασίλης Γ. Λαοπόδης |
| 260 | |a Αθήνα : |b Νέες Τεχνολογίες, |c 1990 | ||
| 300 | |a 366 σ. | ||
| 650 | 0 | 0 | |a Management information systems |x Management. |
| 852 | |a INST |b CHIOS |e 19950711 |h 658.4038 ΛΑΟ |p 005200001418 |q 005200001418 |t BK |y 0 | ||
| 852 | |a INST |b CHIOS |e 19981016 |h 658.4038 ΛΑΟ |p 005200015511 |q 005200015511 |t BK |y 0 | ||
| 909 | |a Χ |b 032659 | ||
| 909 | |a Χ |b 018540 | ||